000 00419nam a2200145Ia 4500
008 230917s9999||||xx |||||||||||||| ||und||
040 _e114473
_aMAIN
041 _aEnglish
082 _a362.2091724 M472M
100 _aPatel, Vikram
245 0 _aMeeting the mental health needs of developing countries: ngo innovations in India
260 _aNew Delhi
_bSage Publications
_c2003
300 _a402p p.
942 _cBK
999 _c133479
_d133479